UBT Library

The UN role in promoting democracy : (Record no. 431)

000 -LEADER
fixed length control field 00712nam a22002057a 4500
005 - DATE AND TIME OF LATEST TRANSACTION
control field 20140319135437.0
008 - FIXED-LENGTH DATA ELEMENTS--GENERAL INFORMATION
fixed length control field 040629s2004 ja b i001 0 eng
020 ## - INTERNATIONAL STANDARD BOOK NUMBER
International Standard Book Number 9280811045
080 ## - UNIVERSAL DECIMAL CLASSIFICATION NUMBER
Universal Decimal Classification number 341.232
Common auxiliary subdivision (075.8)
245 04 - TITLE STATEMENT
Title The UN role in promoting democracy :
Statement of responsibility, etc edited by Edward Newman and Roland Rich.
260 ## -
-- Tokyo ;
-- New York :
-- United Nations University Press,
-- 2004.
300 ## -
-- 357 f. ;
-- 23 cm.
500 ## -
-- Përfshin Bibliografin, fjalorin dhe indeksin f. 339-357
504 ## - BIBLIOGRAPHY, ETC. NOTE
Bibliography, etc Bibliografia f.343
650 #0 -
-- Ndihma,asistenca,Mbështetja ndërkombëtare,
650 #0 -
-- Demokracia.
700 1# -
-- Newman, Edward,
700 1# -
-- Rich, Roland.
942 ## - ADDED ENTRY ELEMENTS (KOHA)
Source of classification or shelving scheme
Item type Books
Holdings
Withdrawn status Lost status Source of classification or shelving scheme Damaged status Not for loan Collection code Permanent location Current location Shelving location Date acquired Total Checkouts Full call number Barcode Date last seen Price effective from Koha item type
          Koleksioni i përgjithshem UBT - Ferizaj UBT - Ferizaj Koleksioni i përgjithshem 03/19/2014   314.232 (075.8) NEW 003000251 03/19/2014 03/19/2014 Books
          Koleksioni i përgjithshem UBT - Ferizaj UBT - Ferizaj Koleksioni i përgjithshem 03/19/2014   314.232 (075.8) NEW 003000252 03/19/2014 03/19/2014 Books
          Koleksioni i përgjithshem UBT - Ferizaj UBT - Ferizaj Koleksioni i përgjithshem 03/19/2014   314.232 (075.8) NEW 003000253 03/19/2014 03/19/2014 Books
          Koleksioni i përgjithshem UBT - Ferizaj UBT - Ferizaj Koleksioni i përgjithshem 03/19/2014   314.232 (075.8) NEW 003000254 03/19/2014 03/19/2014 Books
          Koleksioni i përgjithshem UBT - Ferizaj UBT - Ferizaj Koleksioni i përgjithshem 03/19/2014   314.232 (075.8) NEW 003000255 03/19/2014 03/19/2014 Books
          Koleksioni i përgjithshem UBT - Ferizaj UBT - Ferizaj Koleksioni i përgjithshem 03/19/2014   314.232 (075.8) NEW 003000256 03/19/2014 03/19/2014 Books
          Koleksioni i përgjithshem UBT - Ferizaj UBT - Ferizaj Koleksioni i përgjithshem 03/19/2014   314.232 (075.8) NEW 003000257 03/19/2014 03/19/2014 Books
          Koleksioni i përgjithshem UBT - Ferizaj UBT - Ferizaj Koleksioni i përgjithshem 03/19/2014   314.232 (075.8) NEW 003000258 03/19/2014 03/19/2014 Books
          Koleksioni i përgjithshem UBT - Ferizaj UBT - Ferizaj Koleksioni i përgjithshem 03/19/2014   314.232 (075.8) NEW 003000259 03/19/2014 03/19/2014 Books
          Koleksioni i përgjithshem UBT - Ferizaj UBT - Ferizaj Koleksioni i përgjithshem 03/19/2014   314.232 (075.8) NEW 003000260 03/19/2014 03/19/2014 Books
          Koleksioni i përgjithshem UBT - Lipjan UBT - Lipjan Koleksioni i përgjithshem 06/05/2015   314.232 (075.8) NEW   06/05/2015 06/05/2015 Books
UBT Library © 2015-2024. All rights reserved University Education for Business and Technology